000 00225nam a22001097a 4500
082 _a823/AMI
100 _aAmish
245 _aIDOLS
260 _aHaryana
_bHarper Collins Publishers
_c2023
650 _aFiction
942 _cBK
999 _c66517
_d66517